Impact of Uganda's National Agricultural Advisory Services Program / (Record no. 18446)

000 -LEADER
fixed length control field 00644cam a2200193 a 4500
020 ## - INTERNATIONAL STANDARD BOOK NUMBER
ISBN 9780896291898 (alk. paper)
040 ## - CATALOGING SOURCE
Transcribing agency DLC
082 00 - DEWEY DECIMAL CLASSIFICATION NUMBER
Classification number 338 INT 2011 C145 Or.
245 00 - TITLE STATEMENT
Title Impact of Uganda's National Agricultural Advisory Services Program /
260 ## - PUBLICATION, DISTRIBUTION, ETC. (IMPRINT)
Place of publication Washington, D.C. :
Name of publisher International Food Policy Research Institute,
Year of publication c2011.
300 ## - PHYSICAL DESCRIPTION
Number of Pages xxv, 164 p. :
Other physical details ill. ;
Dimensions 23 cm.
490 1# - SERIES STATEMENT
Series statement IFPRI research monograph
650 #0 - SUBJECT ADDED ENTRY--TOPICAL TERM
Topical Term Agricultural extension work
650 #0 - SUBJECT ADDED ENTRY--TOPICAL TERM
Topical Term Agriculture and state
650 #0 - SUBJECT ADDED ENTRY--TOPICAL TERM
Topical Term Rural development
700 1# - ADDED ENTRY--PERSONAL NAME
Personal name Benin, S.
710 2# - ADDED ENTRY--CORPORATE NAME
Corporate name or jurisdiction name as entry element International Food Policy Research Institute.
942 ## - ADDED ENTRY ELEMENTS (KOHA)
Koha item type ADB
952 ## - LOCATION AND ITEM INFORMATION (KOHA)
Withdrawn status [LOCAL, KOHA] 0
Holdings
Source of acquisition Permanent Location Date acquired Koha item type Lost status Shelving location Current Location Full call number
A37282Library Block C2019-12-02សៀវភៅភាសាអង់គ្លេស C145Library Block C338 INT 2011 C145 Or.
មជ្ឈមណ្ឌលឯការនៃសាកលវិទ្យាល័យភូមិន្ទកសិកម្មចំការដូង

Powered by Koha